00270nam a2200097Ia 4500008004100000100001900041245003500060260005000095300000900145650001800154190216s9999||||xx |||||||||||||| ||und|| aChandu Menon O 0aIndulekha A Novel From Malabar bThe Mathrubhumi Printing And Publishersc1965 a374p aEnglish Novel